000 00307nam a2200109Ia 4500
008 180219s9999 xx 000 0 und d
020 _a9789719159322
100 _aDuque, Francisco
245 _aPublic health nusing in the Philippines /
260 _aDavao City
_bJade Book Store
_c1961
300 _a390 pages
999 _c355935
_d355935